BROWSE’S introduction to the symptoms & signs of surgical disease
Guardat en:
| Format: | Llibre |
|---|---|
| Idioma: | anglès |
| Publicat: |
CRC Press
2015.
|
| Etiquetes: |
Afegir etiqueta
Sense etiquetes, Sigues el primer a etiquetar aquest registre!
|
MARC
| LEADER | 00000nam a22000007a 4500 | ||
|---|---|---|---|
| 008 | 210422b ||||| |||| 00| 0 eng d | ||
| 020 | |a 978-1-4441-4605-9 | ||
| 245 | |a BROWSE’S introduction to the symptoms & signs of surgical disease |c Kevin G. Burnand …[etal.]. | ||
| 250 | |b 5th ed. |c Burnand, Kevin G. | ||
| 260 | |b CRC Press |c 2015. |h Boca Raton, FL |i 689713 |i 689714 |l RD35 .B78 |m Diagnosis, Surgical | ||
| 942 | |a lcc |c BK |e ADEKANYE, I. H. |f 22/04/2021 | ||
| 952 | |0 0 |1 0 |2 lcc |4 0 |6 RD0035 B78 |7 0 |9 2277 |a HOL |b HOL |c QZ |d 2021-04-22 |l 0 |o RD35 .B78 |p 2021-6131 |r 2021-04-22 00:00:00 |w 2021-04-22 |y BK | ||
| 952 | |0 0 |1 0 |2 lcc |4 0 |6 RD0035 B78 |7 0 |9 2278 |a HOL |b ML |c QZ |d 2021-04-22 |l 0 |o RD35 .B78 |p 2021-6132 |r 2021-04-22 00:00:00 |w 2021-04-22 |y BK | ||
| 999 | |c 1172 |d 1172 | ||